किसानी जीवन की पंजाबी कहानी/ (Record no. 206425)

MARC details
000 -LEADER
fixed length control field 01176nam a22002297a 4500
005 - DATE AND TIME OF LATEST TRANSACTION
control field 20241129124053.0
010 ## - LCCN (DPL NO)
LC control number HIN-128647 HIN-128795
020 ## - INTERNATIONAL STANDARD BOOK NUMBER
International Standard Book Number 9788123798288
Terms of availability 510.00
035 ## - SYSTEM CONTROL NUMBER
System control number HN-100993
035 ## - SYSTEM CONTROL NUMBER
System control number HN-101141
037 ## - SOURCE OF ACQUISITION
Source of stock number/acquisition DBAD
082 ## - DEWEY DECIMAL CLASSIFICATION NUMBER
Classification number
245 ## - TITLE STATEMENT
Title किसानी जीवन की पंजाबी कहानी/
Statement of responsibility, etc रवि रविंदर द्वारा संपादित; प्रीत अरोड़ा और नवजोत कौर मान द्वारा अनुवादित
250 ## - EDITION STATEMENT
Edition statement प्रथम
260 ## - PUBLICATION, DISTRIBUTION, ETC. (IMPRINT)
Place of publication, distribution, etc दिल्ली
Name of publisher, distributor, etc राष्ट्रीय पुस्तक न्यास
Date of publication, distribution, etc 2021
270 ## - ADDRESS
Address नेहरु भवन 5, वसंत कुंज इंस्टीट्युशनल एरिया, फेज 2, वसंत कुंज
City नई दिल्ली
Postal code 110070
300 ## - PHYSICAL DESCRIPTION
Extent 482 पृ.
Dimensions 22 सेमी (अजिल्द)
700 ## - ADDED ENTRY--PERSONAL NAME
Personal name रविंदर, रवि
9 (RLIN) 74360
700 ## - ADDED ENTRY--PERSONAL NAME
Personal name अरोड़ा, प्रीत
9 (RLIN) 74361
700 ## - ADDED ENTRY--PERSONAL NAME
Personal name मान, नवजोत कौर
9 (RLIN) 74362
942 ## - ADDED ENTRY ELEMENTS (KOHA)
Item type Hindi Books
Source of classification or shelving scheme Dewey Decimal Classification
Classification part
Call number suffix किसानी
Holdings
Withdrawn status Lost status Not for loan Collection code Home library Current library Date acquired Source of acquisition Cost, normal purchase price Full call number Barcode Copy number Cost, replacement price Koha item type
      Fiction Bawana Bawana 29/11/2024 DBAD 510.00 क किसानी HN-101141 1 510.00 Hindi Books
      Fiction Kadipur Kadipur 15/10/2024 DBAD 510.00 क रविंद HN-100993 1 510.00 Hindi Books

© Delhi Public Library
Hit Counter
free hit counter